000 00538nam a2200169 a 4500
001 000017208
005 20200929165041.0
008 100319s1984 dr a 000 0 spa d
040 _aDO-SdBNP
_bspa
_cBNPHU
082 _axxx
_bR173o
100 1 _aRamírez, Jacqueline
_937853
245 1 0 _aOdontopediatría :
_bprocedimientos clínicos para el odotólogo general /
_cJacqueline Ramírez.
260 _aSanto Domingo :
_bUASD,
_c1984.
300 _a266 P. :
_bil. ;
_c28 cm.
504 _aIncluye referencias bibliográficas
049 _aBNPD
999 _c16733
_d16733